| 000 | 00517nam a22001817a 4500 | ||
|---|---|---|---|
| 003 | OSt | ||
| 005 | 20250630080808.0 | ||
| 008 | 250630b |||||||| |||| 00| 0 eng d | ||
| 020 | _a978-93-5084-836-4 | ||
| 040 |
_aDWCL - Main lib _cOC |
||
| 082 | _aCirc. 641.5 C271 2016 | ||
| 245 | _aCareer guide chef/ | ||
| 260 |
_aUAE: _b3G E learning, _cc2016. |
||
| 300 |
_aiv, 65 pages: _b illustrations; _c24 cm. |
||
| 504 | _aIncludes bibliographical references | ||
| 650 | _a1. Cooking | ||
| 942 |
_2ddc _cBK - FIL _kFil. _n0 |
||
| 999 |
_c3314 _d3314 |
||